බුදුබව පතන බලංගොඩ මෛයිත්‍රි නාහිමි/

Saved in:
Bibliographic Details
Main Author: ධම්මාලංකාර හිමි
Format: Book
Tags: Add Tag
No Tags, Be the first to tag this record!

MARC

LEADER 00000nam a22000007a 4500
008 260105b |||||||| |||| 00| 0 SINd
041 |h SIN 
082 |a 222  |b ධා 
100 |a ධම්මාලංකාර හිමි.  |9 16962 
245 |a බුදුබව පතන බලංගොඩ මෛයිත්‍රි නාහිමි/ 
246 |a bubawapathana Balangoda Ananda maithina himi/ 
300 |c සෙ.මි.21 
942 |c REF 
999 |c 32400  |d 32400